LDR 00779naa#a2200169#i#450# 001 EN\\bibl\121470 005 20260513222829.3 011 ## _a1994-4683 100 ## _a20230531b2023####ek#y0engy0150####ca 102 ## _aRU 200 1# _aDEVELOPMENT OF FLEXIBILITY IN STUDENTS IN PHYSICAL EDUCATION LESSONS AT THE UNIVERSITY _eJournal article 210 1# _aMoscow _cNational State University of Physical Education, Sports and Health named after P.F. Lesgaft _d2023 215 ## _a2 с. 608 ## _aJournal article _2local 675 ## _aМетодика физического воспитания. Пути и средства физического воспитания. Учебные заведения физической культуры. 796.011.3 _z 700 #1 _a _g 856 4# _auchzapiski.lesgaft.spb.ru _u